[Event "FRA-ch Blitz Online Qual"]
[Site "Europe Echecs INT"]
[Date "2020.05.16"]
[Round "10"]
[White "Fraile, Lucas"]
[Black "Gerandi, Guillaume"]
[Result "0-1"]
[WhiteElo "1276"]
[BlackElo "1876"]
[PlyCount "164"]
[EventDate "2020.05.16"]
[EventType "swiss (blitz)"]
[EventRounds "15"]
[EventCountry "FRA"]
[SourceTitle "CBM 196 Extra"]
[Source "ChessBase"]
[SourceDate "2020.07.31"]
[SourceVersion "1"]
[SourceVersionDate "2020.07.31"]
[SourceQuality "1"]

1. e4 c5 2. Nc3 Nc6 3. g3 g6 4. Bg2 Bg7 5. f4 d6 6. d3 e6 7. Nh3 Nge7 8. 0-0 0-0 9. Ng5 h6 10. Nf3 b6 11. Nh4 d5 12. e5 Nd4 13. Ne2 Ndf5 14. Nxf5 Nxf5 15. d4 cxd4 16. Nxd4 Ba6 17. Nxf5 gxf5 18. Rf2 Rc8 19. c3 Qc7 20. Bf1 Bb7 21. Be3 Rfd8 22. Bg2 a5 23. Bd4 b5 24. a3 Qc4 25. Qe2 Qxe2 26. Rxe2 Rc4 27. Bf1 Rc6 28. Rd2 b4 29. axb4 axb4 30. Ra7 Rb8 31. Bb5 Rcc8 32. Bd7 Rc7 33. Bb5 bxc3 34. bxc3 Rcc8 35. Rb2 Bc6 36. Ra5 Bxb5 37. Rbxb5 Rxb5 38. Rxb5 Ra8 39. Rb2 Ra1+ 40. Kg2 Rd1 41. h3 h5 42. Rb8+ Kh7 43. Rb2 Rd3 44. Rb7 Kg6 45. Rb2 Bh6 46. Rb7 h4 47. g4 fxg4 48. hxg4 Bxf4 49. Rb2 h3+ 50. Kh1 Rd1+ 51. Bg1 h2 52. Rxh2 Bxh2 53. Kxh2 Kg5 54. Be3+ Kxg4 55. Kg2 Kf5 56. Bd4 Ke4 57. Kf2 Rxd4 58. cxd4 Kxd4 59. Kf3 Kxe5 60. Ke3 d4+ 61. Kd3 Kd5 62. Kd2 e5 63. Kd3 e4+ 64. Kd2 Kc4 65. Ke2 Kc3 66. Kd1 Kd3 67. Ke1 e3 68. Kd1 Kc3 69. Ke2 d3+ 70. Kxe3 Kc2 71. Ke4 d2 72. Kf5 d1Q 73. Kf6 Qe1 74. Kf5 Kc3 75. Kf6 Kd4 76. Kg7 f5 77. Kf6 f4 78. Kf5 f3 79. Kf4 f2 80. Kg5 f1Q 81. Kg6 Qg3+ 82. Kh5 Qfh3# 0-1

[Event "FRA-ch Blitz Online Qual"]
[Site "Europe Echecs INT"]
[Date "2020.05.16"]
[Round "8"]
[White "Hejazipour, Mitra"]
[Black "Gerandi, Guillaume"]
[Result "1-0"]
[WhiteElo "2300"]
[BlackElo "1876"]
[PlyCount "69"]
[EventDate "2020.05.16"]
[EventType "swiss (blitz)"]
[EventRounds "15"]
[EventCountry "FRA"]
[SourceTitle "CBM 196 Extra"]
[Source "ChessBase"]
[SourceDate "2020.07.31"]
[SourceVersion "1"]
[SourceVersionDate "2020.07.31"]
[SourceQuality "1"]

1. Nf3 Nf6 2. c4 c5 3. g3 g6 4. Bg2 Bg7 5. 0-0 0-0 6. Nc3 Nc6 7. d4 cxd4 8. Nxd4 Nxd4 9. Qxd4 d6 10. Qd3 a5 11. b3 Bf5 12. Qe3 Ng4 13. Qd2 a4 14. bxa4 Ne5 15. e4 Be6 16. Rb1 Nxc4 17. Qc2 Rb8 18. Nd5 Bxd5 19. exd5 Ne5 20. Be3 Qa5 21. Bb6 Qa6 22. Rfc1 Nd3 23. Bf1 Nxc1 24. Bxa6 bxa6 25. Qxc1 Rfc8 26. Qf1 Rc2 27. Be3 Rbc8 28. Qxa6 h5 29. Qa7 Bf6 30. Rb8 Rxb8 31. Qxb8+ Kg7 32. a5 Rxa2 33. Qa8 h4 34. gxh4 Bxh4 35. a6 1-0

[Event "FRA-ch op-B"]
[Site "Pau"]
[Date "2012.08.19"]
[Round "6"]
[White "Sauvaget, Franck"]
[Black "Gerandi, Guillaume"]
[Result "0-1"]
[WhiteElo "1949"]
[BlackElo "1842"]
[PlyCount "56"]
[EventDate "2012.08.14"]
[EventType "swiss"]
[EventRounds "11"]
[EventCountry "FRA"]
[SourceTitle "EXT 2013"]
[Source "ChessBase"]
[SourceDate "2012.11.22"]
[SourceVersion "1"]
[SourceVersionDate "2012.11.22"]
[SourceQuality "1"]

1. c4 c5 2. g3 g6 3. Bg2 Bg7 4. Nc3 Nc6 5. a3 e6 6. b4 Nxb4 7. axb4 cxb4 8. d4 bxc3 9. e3 Ne7 10. Ne2 d5 11. Ba3 dxc4 12. Qa4+ Bd7 13. Qxc4 Rc8 14. Qb4 b5 15. 0-0 a5 16. Qxe7+ Qxe7 17. Bxe7 Kxe7 18. Rxa5 Rc7 19. f4 Rb8 20. Nc1 c2 21. Ra3 b4 22. Rb3 Ba4 23. Rb2 Rc3 24. Kf2 b3 25. Be4 Ke8 26. Ne2 Rc4 27. Ra1 Rbc8 28. Nc1 Rxd4 0-1

[Event "Nice op"]
[Site "Nice"]
[Date "2009.08.??"]
[Round "4"]
[White "Hamperl, Fred A"]
[Black "Gerandi, Guillaume"]
[Result "0-1"]
[WhiteElo "2075"]
[BlackElo "1759"]
[PlyCount "142"]
[EventDate "2009.08.??"]
[EventType "swiss"]
[EventRounds "9"]
[EventCountry "FRA"]
[SourceTitle "EXT 2010"]
[Source "ChessBase"]
[SourceDate "2010.11.25"]
[SourceVersion "1"]
[SourceVersionDate "2010.11.25"]
[SourceQuality "1"]

1. e4 c5 2. Nc3 e6 3. f4 d5 4. d3 dxe4 5. dxe4 Qxd1+ 6. Nxd1 Nf6 7. Nf2 Nc6 8. Be3 Be7 9. 0-0-0 Bd7 10. Nf3 0-0-0 11. c4 h6 12. e5 Nh7 13. Ne4 b6 14. Nd6+ Bxd6 15. Rxd6 f6 16. Bd3 f5 17. h4 Rhe8 18. Be2 Kc7 19. Rhd1 Bc8 20. h5 Rxd6 21. Rxd6 Rd8 22. Rxd8 Kxd8 23. Nh4 Nf8 24. a3 Bb7 25. Kd2 Kc7 26. Kc3 a5 27. g3 Kd7 28. Bf3 Kc7 29. Kd3 Ba6 30. b3 Bb7 31. g4 fxg4 32. Bxg4 Kd7 33. Bf3 Ke7 34. Be4 Kd7 35. Nf3 Ke7 36. Bf2 Nd7 37. Nd2 Nf8 38. Nb1 Kd7 39. Nc3 Ba6 40. Ke2 Kc7 41. Bd3 Ne7 42. Bh4 Nc6 43. Bf2 Ne7 44. Na4 Nd7 45. Nc3 Nf8 46. Kf3 g6 47. Kg4 Kd7 48. Ne4 Bb7 49. Nf6+ Kc7 50. Bg3 gxh5+ 51. Nxh5 Nc6 52. Bf2 Nd7 53. Ng7 Ndxe5+ 54. Kh5 Nxd3 55. Bg3 Kd7 56. Kxh6 Nd4 57. Kg6 Nxb3 58. f5 exf5 59. Nxf5 Nb2 60. Ne3 Ba6 61. Kf5 Nxc4 62. Nc2 Kc6 63. Ke4 Kb5 64. Kd5 Ka4 65. Kc6 Nd4+ 66. Nxd4 cxd4 67. Kd5 d3 68. Bf4 d2 69. Bxd2 Nxd2 70. Kc6 Kxa3 71. Kxb6 Kb4 0-1

[Event "Fiera di u Vinu op"]
[Site "Luri"]
[Date "2009.07.05"]
[Round "4"]
[White "Humeau, Cyril"]
[Black "Gerandi, Guillaume"]
[Result "1-0"]
[WhiteElo "2177"]
[BlackElo "1759"]
[PlyCount "43"]
[EventDate "2009.07.05"]
[EventType "swiss (rapid)"]
[EventRounds "9"]
[EventCountry "FRA"]
[SourceTitle "EXT 2010"]
[Source "ChessBase"]
[SourceDate "2010.11.25"]
[SourceVersion "1"]
[SourceVersionDate "2010.11.25"]
[SourceQuality "1"]

1. e4 c5 2. Nf3 e6 3. Nc3 Nc6 4. g3 Nf6 5. Bg2 d5 6. exd5 exd5 7. 0-0 Bd6 8. d4 0-0 9. dxc5 Bxc5 10. Bg5 Be6 11. Nb5 a6 12. Nbd4 Bg4 13. Nb3 Be7 14. c3 Re8 15. h3 Bh5 16. g4 Bg6 17. Nh4 Ne5 18. f4 Ned7 19. f5 Ne4 20. Bxe7 Qxe7 21. fxg6 Qxh4 22. gxf7+ 1-0

[Event "Corsica-ch qual"]
[Site "Corsica"]
[Date "2009.06.14"]
[Round "?"]
[White "Gerandi, Guillaume"]
[Black "Humeau, Cyril"]
[Result "0-1"]
[WhiteElo "1777"]
[BlackElo "2154"]
[PlyCount "74"]
[EventDate "2009.06.13"]
[EventType "match"]
[EventRounds "2"]
[EventCountry "FRA"]
[SourceTitle "EXT 2010"]
[Source "ChessBase"]
[SourceDate "2010.11.25"]
[SourceVersion "1"]
[SourceVersionDate "2010.11.25"]
[SourceQuality "1"]

1. e4 e5 2. Nf3 Nc6 3. Nc3 Nf6 4. d4 Bb4 5. d5 Ne7 6. Bd2 d6 7. Qe2 0-0 8. a3 Bxc3 9. Bxc3 Ng6 10. g3 a5 11. Bg2 b6 12. Qe3 Ng4 13. Qd2 f5 14. exf5 Bxf5 15. 0-0 h6 16. Qe2 Nf6 17. Qc4 Kh8 18. Nd2 Qd7 19. Ne4 Rae8 20. b4 axb4 21. axb4 Nxe4 22. Bxe4 Bxe4 23. Qxe4 Qf5 24. Qxf5 Rxf5 25. Ra7 Re7 26. Bd2 e4 27. Be3 Rxd5 28. c4 Rd3 29. h4 Rc3 30. h5 Ne5 31. Bxb6 Rxc4 32. Rd1 Rd7 33. Ba5 Kh7 34. b5 d5 35. b6 cxb6 36. Rxd7 Nxd7 37. Rxd5 Nf6 0-1

[Event "Calvi Balagne op 05th"]
[Site "Calvi"]
[Date "2008.04.06"]
[Round "1"]
[White "Gerandi, Guillaume"]
[Black "Al Modiahki, Mohamad"]
[Result "0-1"]
[WhiteElo "1760"]
[BlackElo "2554"]
[PlyCount "42"]
[EventDate "2008.04.06"]
[EventType "swiss"]
[EventRounds "9"]
[EventCountry "FRA"]
[SourceTitle "CBM 123 Extra"]
[Source "ChessBase"]
[SourceDate "2008.05.06"]
[SourceVersion "1"]
[SourceVersionDate "2008.05.06"]
[SourceQuality "1"]

1. e4 c5 2. Nf3 g6 3. c3 Bg7 4. Bd3 Nf6 5. Bc2 0-0 6. 0-0 Nc6 7. d4 cxd4 8. cxd4 d5 9. e5 Ne4 10. Nc3 Bg4 11. Be3 Nxc3 12. bxc3 f6 13. exf6 Rxf6 14. Bg5 Rf7 15. Bb3 Qd7 16. Qd3 Bxf3 17. gxf3 Raf8 18. Kg2 Rxf3 19. Qd2 Qh3+ 20. Kh1 e6 21. Rac1 R8f5 0-1